| 000 | 00700nam a2200217Ia 4500 | ||
|---|---|---|---|
| 003 | GCL | ||
| 005 | 20240530095629.0 | ||
| 008 | 140319s9999 xx 000 0 ara d | ||
| 040 |
_aGCL / _cGCL |
||
| 082 | 0 | 4 |
_a305.42 _bق/ا س |
| 100 | 1 | _aايمان بيبرس | |
| 245 | 1 | 0 |
_aستات من مصر / _cايمان بيبرس |
| 260 |
_aالقاهرة : _bجمعية نهوض وتنمية المراة ، _c2006 |
||
| 300 |
_a76 ص ؛ _c24 سم |
||
| 650 | 0 | 4 | _aالمرأة فى الحياة العامة |
| 650 | 0 | 4 | _aحقوق المرأة |
| 650 | 0 | 4 | _aالمرأة - رعاية اجتماعية |
| 700 | 1 | _aعزيزة الشرشابى | |
| 700 | 1 | _aنرمين فؤاد | |
| 942 |
_2ddc _cBK |
||
| 999 |
_c9011 _d9011 |
||